000 00514nam a22001937a 4500
003 OSt
005 20190226104519.0
008 190226b xxu||||| |||| 00| 0 spa d
020 _a950-602-333-6
040 _cBiblioteca Ernesto Sábato
092 _a615.89
_bL452
100 _aLe Breton, David
245 _aAntropología del cuerpo y la modernidad
260 _aBuenos Aires
_bNueva Visión
_c1995
300 _a254 p
440 _aCultura y sociedad
650 _aCUERPO-ANTROPOLOGIA
942 _2ddc
_cBDGR
999 _c33575
_d33575